000 00342nam a2200145Ia 4500
008 230917s9999||||xx |||||||||||||| ||und||
040 _e141774
_aMAIN
041 _aEnglish
082 _a363.325 R883G
100 _aRudra, kalyan
245 0 _aGlobal terror
260 _aDelhi
_bBright law house
_c2008
300 _a178p p.
942 _cBK
999 _c146478
_d146478